000 00503nam a2200181Ia 4500
003 OSt
005 20260326135617.0
008 190216s9999||||xx |||||||||||||| ||und||
020 _a9788126427765
040 _coclc
082 _a891.73301
_bCHE/L
100 _aChekhov, Anton
_95230
245 0 _aLokothara Kathakal /
_cAnton Chekhov
260 _bDc Books,
_c2010.
_aKottayam:
300 _a178p
650 _aKathakal
942 _cBK
_2ddc
_h891.73301
_iCHE/L
_k891.73301
_mCHE/L
999 _c29662
_d29662